000 00862nas a2200289 4500
001 BR2010001455
003 BR-BrBNA
005 20231205113949.0
007 ta
008 230509b bl.|||p| |||| 00| 00por d
040 _aBR-BrBNA
_bpor
_cBiblioteca Nacional de Agricultura
041 _a(Pt)
072 _aH10
100 1 _aKnaak, N.
100 1 _aAzambuja, A.O. de
100 1 _aLucho, A.P.R.
100 1 _aBerlitz, D.L.
100 1 _aFiuza, L.M.
245 1 _aInterações de Bacillus thuringiensis e o controle de fitopatógenos
650 _aPRAGA DE PLANTA
650 _aBACTERIA
650 _aBACILLUS
650 _aCONTROLE BIOLÓGICO
773 0 _tBiotecnologia, Ciência e Desenvolvimento (Brazil)
_xISSN 1414-6347
_g(2009-2010), v. 11(38) p. 48-53
_wBR2010001455
909 _a202311
_bLúcia
_c55
_dLúcia Elande
942 _2AGRIS
_n0
_cANA
999 _c206476
_d206476